[Event "Cearense-ch 69th"]
[Site "Fortaleza"]
[Date "2000.10.08"]
[Round "6"]
[White "Vieira da Paixao, Irineu"]
[Black "Alves Ribeiro, Orlando"]
[Result "1-0"]
[WhiteElo "1803"]
[BlackElo "1793"]
[PlyCount "45"]
[EventDate "2000.??.??"]
[EventType "swiss"]
[EventRounds "9"]
[EventCountry "BRA"]
[SourceTitle "EXT 2003"]
[Source "ChessBase"]
[SourceDate "2002.11.25"]
[SourceVersion "1"]
[SourceVersionDate "2002.11.25"]
[SourceQuality "1"]

1. e4 e5 2. Nf3 Nf6 3. Nc3 Nc6 4. Bb5 Bb4 5. 0-0 Bxc3 6. bxc3 0-0 7. Re1 Re8 8. Bc4 d5 9. exd5 Nxd5 10. Bb2 Bg4 11. h3 Bh5 12. g4 Bg6 13. d3 Nf4 14. Kh2 Qd6 15. a4 Qd7 16. Qd2 h5 17. Nxe5 Nxe5 18. Qxf4 hxg4 19. Rxe5 Rxe5 20. Qxe5 Re8 21. Qg3 gxh3 22. Qxg6 Re2 23. Qg3 1-0

[Event "Cearense-ch 69th"]
[Site "Fortaleza"]
[Date "2000.09.24"]
[Round "3"]
[White "Alves Ribeiro, Orlando"]
[Black "Wellington, Francisco"]
[Result "0-1"]
[WhiteElo "1793"]
[BlackElo "1887"]
[PlyCount "80"]
[EventDate "2000.??.??"]
[EventType "swiss"]
[EventRounds "9"]
[EventCountry "BRA"]
[SourceTitle "EXT 2003"]
[Source "ChessBase"]
[SourceDate "2002.11.25"]
[SourceVersion "1"]
[SourceVersionDate "2002.11.25"]
[SourceQuality "1"]

1. e4 c5 2. Nf3 e6 3. d4 cxd4 4. Nxd4 Nf6 5. Nc3 Bb4 6. Bg5 Qa5 7. Bd2 Qb6 8. Nde2 Ng4 9. Be3 Nxe3 10. fxe3 Qxe3 11. Qd4 Bxc3+ 12. Qxc3 Qxc3+ 13. Nxc3 a6 14. 0-0-0 Ke7 15. g3 d6 16. Bg2 Nc6 17. Rhe1 Rd8 18. Na4 b5 19. e5 d5 20. Nc5 Rb8 21. Bf1 a5 22. c3 a4 23. b4 Rb6 24. g4 Nb8 25. Kb2 Na6 26. Ka3 Nxc5 27. bxc5 Rb8 28. Rb1 Bd7 29. Rb4 Rdc8 30. Reb1 Rxc5 31. Kb2 Rbc8 32. Rc1 f6 33. exf6+ gxf6 34. Rf4 e5 35. Rb4 d4 36. c4 bxc4 37. Bxc4 Bxg4 38. Rxa4 R8c7 39. Rb4 Be6 40. Kb3 d3 0-1